000 00332nam a2200145Ia 4500
005 20240807062109.0
008 240806s9999||||xx |||||||||||||| ||eng||
041 _aeng
100 _aChaube Utterakhand
245 0 _aItihas darsan /
_cChaube Utterakhand
260 _bV.V.P
300 _a390
650 _aAnc. History
942 _cBK
999 _c8335
_d8335